[Event "AUT-ch U14"]
[Site "Tschagguns"]
[Date "2012.05.29"]
[Round "7"]
[White "Jakob, Tobias"]
[Black "Novak, Niklas"]
[Result "1-0"]
[WhiteElo "1695"]
[BlackElo "1469"]
[PlyCount "69"]
[EventDate "2012.05.26"]
[EventType "swiss"]
[EventRounds "7"]
[EventCountry "AUT"]
[SourceTitle "CBM 148 Extra"]
[Source "ChessBase"]
[SourceDate "2012.06.22"]
[SourceVersion "1"]
[SourceVersionDate "2012.06.22"]
[SourceQuality "1"]

1. e4 d5 2. exd5 Qxd5 3. Nc3 Qa5 4. Bc4 Nf6 5. d4 c6 6. Bd2 Qc7 7. Nf3 Bf5 8. 0-0 e6 9. Re1 Bd6 10. Ne2 Nbd7 11. Nc1 0-0 12. Nd3 b5 13. Bb3 Bxd3 14. cxd3 Ng4 15. h3 Nxf2 16. Kxf2 Bg3+ 17. Kg1 Bxe1 18. Qxe1 Rfe8 19. Rc1 Rac8 20. Ne5 Qb6 21. Be3 Qb7 22. Qc3 Nxe5 23. dxe5 h6 24. d4 Qe7 25. Qd3 Qh4 26. Bd1 Qe7 27. Bc2 g6 28. Qf1 c5 29. dxc5 Rxc5 30. Bxc5 Qxc5+ 31. Kh1 Qxe5 32. b3 Qb2 33. Bb1 Rd8 34. Rc7 Rd2 35. Qxf7+ 1-0

[Event "AUT-ch U14"]
[Site "Tschagguns"]
[Date "2012.05.28"]
[Round "6"]
[White "Novak, Niklas"]
[Black "Steiner, Martin"]
[Result "0-1"]
[WhiteElo "1469"]
[BlackElo "1739"]
[PlyCount "63"]
[EventDate "2012.05.26"]
[EventType "swiss"]
[EventRounds "7"]
[EventCountry "AUT"]
[SourceTitle "CBM 148 Extra"]
[Source "ChessBase"]
[SourceDate "2012.06.22"]
[SourceVersion "1"]
[SourceVersionDate "2012.06.22"]
[SourceQuality "1"]

1. d4 d6 2. Nf3 Nf6 3. Bg5 c6 4. Bxf6 exf6 5. e3 g6 6. c4 Bg7 7. Bd3 0-0 8. 0-0 Nd7 9. Nc3 f5 10. Qb3 Nf6 11. Rfe1 Re8 12. e4 fxe4 13. Nxe4 Nxe4 14. Rxe4 Rxe4 15. Bxe4 Qc7 16. h3 Bd7 17. Rb1 Re8 18. Bd3 b6 19. d5 c5 20. Qc2 Rc8 21. Re1 Qd8 22. b3 Qf6 23. Qd2 Bxh3 24. Qe3 Bd7 25. Qe7 Qxe7 26. Rxe7 Rd8 27. Kf1 Kf8 28. Re2 a5 29. a4 Bg4 30. Re4 Bf5 31. Re3 Bh6 32. Bxf5 0-1

[Event "AUT-ch U14"]
[Site "Tschagguns"]
[Date "2012.05.27"]
[Round "4"]
[White "Atzl, Florian"]
[Black "Novak, Niklas"]
[Result "1-0"]
[WhiteElo "1711"]
[BlackElo "1469"]
[PlyCount "109"]
[EventDate "2012.05.26"]
[EventType "swiss"]
[EventRounds "7"]
[EventCountry "AUT"]
[SourceTitle "CBM 148 Extra"]
[Source "ChessBase"]
[SourceDate "2012.06.22"]
[SourceVersion "1"]
[SourceVersionDate "2012.06.22"]
[SourceQuality "1"]

1. e4 e5 2. Nf3 Nf6 3. Nc3 Nc6 4. Bb5 d6 5. 0-0 Bd7 6. d3 a6 7. Bxc6 Bxc6 8. Re1 Be7 9. d4 exd4 10. Nxd4 Nd7 11. Nf5 Bf6 12. Nd5 g6 13. Ng3 Bg7 14. c3 0-0 15. Be3 Nf6 16. Bg5 h6 17. Nxf6+ Bxf6 18. Bxh6 Bg7 19. Bxg7 Kxg7 20. Qg4 Bd7 21. Qf3 Qe7 22. Qd3 Rae8 23. Rad1 Bc6 24. Qd4+ Qe5 25. f4 Qxd4+ 26. Rxd4 f6 27. Kf2 Kf7 28. h3 Re7 29. f5 g5 30. Nf1 Rfe8 31. Nd2 d5 32. Kf3 dxe4+ 33. Nxe4 Bxe4+ 34. Rdxe4 Rxe4 35. Rxe4 Rd8 36. Rd4 Rxd4 37. cxd4 Ke7 38. Ke4 Kd6 39. g3 c6 40. h4 gxh4 41. gxh4 Ke7 42. Kd3 Kf7 43. Kc4 Kg7 44. Kc5 Kh6 45. Kb6 Kh5 46. Kxb7 Kxh4 47. Kxc6 Kg5 48. d5 Kxf5 49. d6 Kg4 50. d7 f5 51. d8Q f4 52. Qb6 f3 53. Qxa6 f2 54. Qe2+ Kg3 55. b4 1-0